Southville International School and Colleges
Your cart is empty.
  • Cart
  • Lists
    Public lists Eva Luna New books Lux_list list_1
    Your lists Log in to create your own lists
  • Log in to your account
  • Your cookies
  • Search history
Southville International School and Colleges
  • Advanced search
  • Recent comments
  • Most popular
  • Libraries

Log in to your account

Log in with GOOGLE


If you do not have an external account, but do have a local account, you can still log in:

  1. Home
  2. MARC view: Organizational Behavior. /
Normal view MARC view ISBD view

Organizational Behavior. / (Record no. 39496)

[ view plain ]
MARC details
000 -LEADER
fixed length control field 00569nam a2200205 a 4500
005 - DATE AND TIME OF LATEST TRANSACTION
control field 20140311163023.0
008 - FIXED-LENGTH DATA ELEMENTS--GENERAL INFORMATION
fixed length control field 070924s19uu xx 00 eng d
020 ## - INTERNATIONAL STANDARD BOOK NUMBER
International Standard Book Number 9812471650
050 ## - LIBRARY OF CONGRESS CALL NUMBER
Classification number HD 58.7
Item number .K75 2005
100 ## - MAIN ENTRY--PERSONAL NAME
Personal name Kreitner, Robert
245 ## - TITLE STATEMENT
Title Organizational Behavior. /
Statement of responsibility, etc Robert Krietner. Angelo Kinicki.
250 ## - EDITION STATEMENT
Edition statement 6th ed.
260 ## - PUBLICATION, DISTRIBUTION, ETC. (IMPRINT)
Place of publication, distribution, etc Asia :
Name of publisher, distributor, etc McGraw-Hill, Inc,
Date of publication, distribution, etc 2005.
300 ## - PHYSICAL DESCRIPTION
Extent 833 p. :
Other physical details ill. ;
Dimensions 23 cm.
521 ## - TARGET AUDIENCE NOTE
Target audience note
650 ## - SUBJECT ADDED ENTRY--TOPICAL TERM
Topical term or geographic name as entry element Organizational Behavior.
700 ## - ADDED ENTRY--PERSONAL NAME
Personal name Kinicki, Angelo
942 ## - ADDED ENTRY ELEMENTS (KOHA)
Koha item type Books
Source of classification or shelving scheme Library of Congress Classification
Call number prefix Foreign
Holdings
Withdrawn status Lost status Source of classification or shelving scheme Damaged status Home library Current library Shelving location Date acquired Source of acquisition Cost, normal purchase price Total Checkouts Full call number Barcode Date last seen Date checked out Copy number Price effective from Koha item type
    Library of Congress Classification   College Library College Library General Circulation Section 09/24/2007   798.00 2 HD 58.7 .K75 2005 C8776 05/15/2018 11/21/2016 1 10/18/2013 Books

Organizational Behavior. /

APA

Kreitner R., Kinicki A., . (2005). Organizational Behavior. Asia: McGraw-Hill, Inc.

Chicago

Kreitner Robert, Kinicki Angelo, . 2005. Organizational Behavior. Asia: McGraw-Hill, Inc.

Harvard

Kreitner R., Kinicki A., . (2005). Organizational Behavior. Asia: McGraw-Hill, Inc.

MLA

Kreitner Robert, Kinicki Angelo, . Organizational Behavior. Asia: McGraw-Hill, Inc. 2005.

  • Place hold
  • Print
  • Cite
  • Add to your cart (remove)
  • Save record
    BIBTEX Dublin Core MARCXML MARC (non-Unicode/MARC-8) MARC (Unicode/UTF-8) MARC (Unicode/UTF-8, Standard) MODS (XML) RIS
  • More searches
    Search for this title in:
    Other Libraries (WorldCat) Other Databases (Google Scholar) Online Stores (Bookfinder.com) Open Library (openlibrary.org)

Exporting to Dublin Core...

SOUTHVILLE LIBRARY

Southville International School and Colleges Library

1281 Tropical Ave. Cor. Luxembourg St., BF Homes International, Las Pinas City

Tel. No. 8256374 / 252358 Loc. 117/146

Powered by Koha